=LDR 00000nam 2200000 4500 =001 INLIS000000000003684 =005 20130612092003 =008 ***********************************Ind** =035 ##$$0010-061300000003684 =041 ##$$a Ind =082 ##$$a 533.2 =090 ##$$a 533.2, Suh d =100 ##$$a Suharto =245 ##$$a Dinamika dan mekanika untuk perguruan tinggi, Ir.Suharto =260 ##$$a 1991 $b Jakarta =300 ##$$a viii, 216 hlm., ilus., 21 cm =650 ##$$a Mekanika =850 ##$$a NBPNMAT =990 ##$$a 00770077 =990 ##$$a 53.838 pro.93 =990 ##$$a 20608881 =990 ##$$a 20608882 =990 ##$$a 20608883 =990 ##$$a 20608884 =990 ##$$a DW99001129 =990 ##$$a DW99001130 =990 ##$$a DW99001131 =990 ##$$a DW99001132 =990 ##$$a DW99001133 =990 ##$$a DW99001134